La papesse Jeanne (Record no. 125620)

MARC details
000 -LEADER
campo de control de longitud fija 00868nam a2200241 i 4500
001 - NÚMERO DE CONTROL
campo de control 125620
003 - IDENTIFICADOR DE NÚMERO DE CONTROL
campo de control ES-MaACL
005 - FECHA Y HORA DE LA ÚLTIMA TRANSACCIÓN
campo de control 20260424183902.0
007 - CAMPO FIJO DE DESCRIPCIÓN FÍSICA--INFORMACIÓN GENERAL
campo de control de longitud fija t|
008 - DATOS DE LONGITUD FIJA--INFORMACIÓN GENERAL
campo de control de longitud fija 070621s1974 fr ||||1| fre d
080 ## - NÚMERO DE LA CLASIFICACIÓN DECIMAL UNIVERSAL
Número de la Clasificación Decimal Universal 262.13:821.133.1-4
100 1# - ENTRADA PRINCIPAL--NOMBRE DE PERSONA
Nombre de persona Durrell, Lawrence,
Fechas asociadas al nombre 1912-1990
9 (RLIN) 46321
245 13 - MENCIÓN DEL TÍTULO
Título La papesse Jeanne
Resto del título : récit /
Mención de responsabilidad, etc. Lawrence Durrel ; adapté de l'ouvre de Emanuel Roydis ; traduit de l'anglais par Georges Belmont et Hortense Chabrier.
260 ## - PUBLICACIÓN, DISTRIBUCIÓN, ETC.
Lugar de publicación, distribución, etc. Paris :
Nombre del editor, distribuidor, etc. Buchet/Chastel,
Fecha de publicación, distribución, etc. [1974]
300 ## - DESCRIPCIÓN FÍSICA
Extensión 231 p. ;
Dimensiones 21 cm.
500 ## - NOTA GENERAL
Nota general Biblioteca Jacinto Martínez Lacalle.
600 #4 - PUNTO DE ACCESO ADICIONAL DE MATERIA--NOMBRE DE PERSONA
Nombre de persona Juana, Papisa (Personaje de ficción)
9 (RLIN) 219175
700 1# - ENTRADA AGREGADA--NOMBRE PERSONAL
Nombre de persona Belmont, Georges.
9 (RLIN) 27298
700 1# - ENTRADA AGREGADA--NOMBRE PERSONAL
Nombre de persona Chabrier, Hortense.
9 (RLIN) 37741
700 1# - ENTRADA AGREGADA--NOMBRE PERSONAL
Nombre de persona Rhoides, Emmanouel,
Fechas asociadas al nombre 1836-1904
9 (RLIN) 172897
852 ## - LOCALIZACIÓN
Ubicación ES-MaACL
Número de control de estantería E-11740
Sublocalización o colección R.139790
Holdings
Estatus retirado Estado de pérdida Estado de daño No para préstamo Biblioteca de origen Biblioteca actual Ubicación en estantería Fecha de adquisición Fuente de adquisición Total de préstamos Signatura topográfica completa Código de barras Visto por última vez Precio de reemplazo Tipo de ítem Koha
        Biblioteca del Ateneo de Madrid Biblioteca del Ateneo de Madrid Depósito 2 17/01/2008     E-11740 1130859 23/02/2023 23/02/2023 Libro impreso